| 000 | 00875nam a2200205Ia 4500 | ||
|---|---|---|---|
| 003 | GCL | ||
| 008 | 140319s9999 xx 000 0 ara d | ||
| 040 |
_aGCL / _cGCL |
||
| 082 | 0 | 4 |
_aط _b362.3 _bع ا |
| 100 | 1 | _aعثمان لبيب فراج (مترجم) | |
| 245 | 1 | 0 |
_aالاعاقات الذهنية فى مرحلة الطفولة : _bتعريفها - تصنيفها - اعراضها - تشخيصها - اسبابها - التدخل العلاجى / _cعثمان لبيب فراج (مترجم) |
| 250 | _aالاولى | ||
| 260 |
_aالقاهرة : _bالمجلس العربى للطفولة والتنمية ، _c2002 |
||
| 300 |
_a306 ص ؛ _c30 سم |
||
| 650 | 0 | 4 | _aضعاف العقول |
| 650 | 0 | 4 | _aالمعوقون - رعاية وعلاج |
| 650 | 0 | 4 | _aالاطفال المعوقون |
| 650 | 0 | 4 | _aالتخلف العقلى - تشخيص |
| 942 |
_2ddc _cBK |
||
| 999 |
_c41236 _d41236 |
||